[Event "Gotth' Art Cup IM"]
[Site "Szentgotthard HUN"]
[Date "2010.02.27"]
[Round "6"]
[White "Baratosi,D"]
[Black "Gergacz,A"]
[Result "1/2-1/2"]
[WhiteElo "2396"]
[BlackElo "2421"]
[EventDate "2010.02.22"]

1. d4 e6 2. Nf3 d5 3. c4 Nf6 4. Nc3 Be7 5. Bg5 O-O 6. cxd5 exd5 7. Qc2 Re8
8. e3 c6 9. Bd3 Nbd7 10. h3 Ne4 11. Bxe4 dxe4 12. Bxe7 Qxe7 13. Nd2 f5 14.
O-O Nf6 15. Nc4 Be6 16. Ne5 c5 17. f3 cxd4 18. exd4 Qb4 19. Qf2 exf3 20.
Nxf3 Rad8 21. Rfe1 Bd5 22. a3 Qb6 23. Rxe8+ Rxe8 24. Nxd5 Nxd5 25. Re1 Rf8
26. Qc2 Nf4 27. Qc4+ Kh8 28. Qf7 Ng6 29. Re8 Qd6 30. h4 Rxe8 31. Qxe8+ Qf8
32. Qd7 h6 33. Qxb7 Qe8 34. Kf2 Nf4 35. Kg3 Ne2+ 36. Kf2 Nf4 37. Kg3 Ne2+
38. Kf2 1/2-1/2

[Event "Gotth' Art Cup IM"]
[Site "Szentgotthard HUN"]
[Date "2010.03.01"]
[Round "7"]
[White "Gergacz,A"]
[Black "Banas,J"]
[Result "1-0"]
[WhiteElo "2421"]
[BlackElo "2341"]
[EventDate "2010.02.22"]

1. e4 c5 2. Nf3 d6 3. d4 cxd4 4. Qxd4 Nc6 5. Bb5 Bd7 6. Bxc6 Bxc6 7. c4 Nf6
8. Nc3 g6 9. Be3 Bg7 10. O-O O-O 11. Qd3 a5 12. h3 Nd7 13. Bd4 Nc5 14. Qe2
Ne6 15. Bxg7 Kxg7 16. Qe3 f6 17. Nh4 Nc5 18. Rfd1 Qb6 19. Qe2 Na4 20. Nxa4
Bxa4 21. Rd3 Bd7 22. Rb3 Qc7 23. Rg3 Be6 24. Rc1 b5 25. f4 Bxc4 26. Qh5
Qa7+ 27. Kh2 Bf7 28. Rcc3 Rg8 29. Qxb5 Rab8 30. Qe2 Kh8 31. e5 Qd4 32. e6
Be8 33. Rgf3 Bb5 34. Qc2 Rb7 35. Rc8 Qd5 36. Rxg8+ Kxg8 37. Qc8+ Kg7 38.
Nf5+ 1-0

[Event "Gotth' Art Cup IM"]
[Site "Szentgotthard HUN"]
[Date "2010.03.01"]
[Round "7"]
[White "Rudolf,An"]
[Black "Feher,Ad"]
[Result "1/2-1/2"]
[WhiteElo "2283"]
[BlackElo "2260"]
[EventDate "2010.02.22"]

1. e4 c5 2. Nf3 d6 3. d4 cxd4 4. Nxd4 Nf6 5. Nc3 a6 6. g3 e6 7. Bg2 Be7 8.
O-O Qc7 9. Be3 Nc6 10. Nxc6 bxc6 11. Na4 Rb8 12. c4 c5 13. Qe2 O-O 14. Rad1
Bd7 15. Nc3 Bc6 16. b3 Qb7 17. Bf4 Rbd8 18. Rfe1 Rfe8 19. h4 h6 20. Kh2 Nh7
21. Qc2 Nf8 22. Bh3 Ng6 23. Bc1 Bf6 24. h5 Ne5 25. Re3 Qe7 26. f4 Nd7 27.
Nd5 Bxd5 28. exd5 e5 29. Bd2 Nb6 30. Rde1 Qf8 31. Qf5 exf4 32. gxf4 Bd4 33.
R3e2 Rxe2+ 34. Rxe2 Re8 35. Qg4 Nd7 36. Bf1 Nf6 37. Qf5 Rxe2+ 38. Bxe2 Qe8
39. Bd3 Be3 40. Bc3 Bd4 41. Bxd4 cxd4 42. c5 dxc5 43. Bxa6 Qe3 44. d6 Qf2+
45. Kh1 Qf3+ 46. Kg1 Ng4 47. Qc8+ Kh7 48. Qf5+ Kg8 49. Qc8+ Kh7 50. Qf5+
1/2-1/2

[Event "Gotth' Art Cup IM"]
[Site "Szentgotthard HUN"]
[Date "2010.03.01"]
[Round "7"]
[White "Biro,S"]
[Black "Szabo,Ben"]
[Result "0-1"]
[WhiteElo "2298"]
[BlackElo "2261"]
[EventDate "2010.02.22"]

1. e4 c5 2. c3 Nf6 3. e5 Nd5 4. d4 cxd4 5. Nf3 e6 6. cxd4 d6 7. a3 Bd7 8.
Bd3 Bc6 9. O-O Nd7 10. Qe2 Rc8 11. Ng5 Qb6 12. Qf3 N5f6 13. Qg3 dxe5 14.
dxe5 Nh5 15. Qh3 g6 16. Nc3 Be7 17. Re1 Nc5 18. Bc2 Nb3 19. Be3 Nxa1 20.
Nxe6 Qxb2 21. Ng7+ Nxg7 22. Qxc8+ Bd8 23. Bc5 Qxc3 24. Rd1 Ne6 25. Ba4 Qxc5
0-1

[Event "Gotth' Art Cup IM"]
[Site "Szentgotthard HUN"]
[Date "2010.03.01"]
[Round "7"]
[White "Nagy,Ga1"]
[Black "Paschall,W"]
[Result "1/2-1/2"]
[WhiteElo "2278"]
[BlackElo "2398"]
[EventDate "2010.02.22"]

1. e4 g6 2. d4 Bg7 3. Nf3 c5 4. dxc5 Qa5+ 5. c3 Qxc5 6. Na3 b6 7. Nb5 Bb7
8. Be3 Qc8 9. Bd4 Nf6 10. e5 Nh5 11. Be3 Nc6 12. Be2 Nxe5 13. Nxe5 Bxe5 14.
Bxh5 gxh5 15. Qxh5 d6 16. f4 Bf6 17. O-O-O a6 18. Bd4 Bxd4 19. Nxd4 Qc4 20.
Kb1 O-O-O 21. Rhe1 Rd7 22. b3 Qd5 23. Qxd5 Bxd5 24. g3 h5 25. Rd3 e6 26. f5
Rh6 27. c4 Bb7 28. fxe6 fxe6 29. Nxe6 h4 30. g4 Rf6 31. Nd4 Bg2 32. h3 d5
33. cxd5 Rxd5 34. Rc3+ Rc5 35. Rxc5+ bxc5 36. Rc1 Rf1 37. Nf5 Rxc1+ 38.
Kxc1 Bxh3 39. Nxh4 Bxg4 1/2-1/2

[Event "Gotth' Art Cup IM"]
[Site "Szentgotthard HUN"]
[Date "2010.03.01"]
[Round "7"]
[White "Lorand,N"]
[Black "Baratosi,D"]
[Result "1-0"]
[WhiteElo "2346"]
[BlackElo "2396"]
[EventDate "2010.02.22"]

1. e4 e5 2. Nf3 Nc6 3. Bc4 Nf6 4. Ng5 d5 5. exd5 Na5 6. Bb5+ c6 7. dxc6
bxc6 8. Qf3 Qc7 9. Bd3 Bd6 10. Bf5 Bb7 11. Nc3 h6 12. Nge4 Nd5 13. Nxd6+
Qxd6 14. Be4 Rf8 15. g4 g6 16. d4 f5 17. Bxd5 exd4 18. Bf4 Qe7+ 19. Kd1 Kd8
20. Re1 Qc5 21. Bxh6 cxd5 22. Bxf8 Qxf8 23. Ne2 Qb4 24. Qa3 1-0

[Event "Gotth' Art Cup IM"]
[Site "Szentgotthard HUN"]
[Date "2010.03.02"]
[Round "8"]
[White "Banas,J"]
[Black "Lorand,N"]
[Result "1/2-1/2"]
[WhiteElo "2341"]
[BlackElo "2346"]
[EventDate "2010.02.22"]

1. c4 e5 2. Nc3 Nf6 3. Nf3 Nc6 4. g3 d5 5. cxd5 Nxd5 6. Bg2 Nb6 7. O-O Be7
8. d3 Be6 9. a4 a5 10. e4 Qd7 11. Be3 Rd8 12. Nb5 O-O 13. Qc2 Qxd3 14. Qxd3
Rxd3 15. Nxc7 Nc4 16. Nxe6 fxe6 17. Rfd1 Rxd1+ 18. Rxd1 Nxb2 19. Rb1 Nxa4
20. Rxb7 Bd8 21. Rb5 Bc7 22. Ng5 Rb8 23. Bf1 Nd8 24. Rxb8 Bxb8 25. Bc4 Bc7
1/2-1/2

[Event "Gotth' Art Cup IM"]
[Site "Szentgotthard HUN"]
[Date "2010.03.02"]
[Round "8"]
[White "Szabo,Ben"]
[Black "Gergacz,A"]
[Result "0-1"]
[WhiteElo "2261"]
[BlackElo "2421"]
[EventDate "2010.02.22"]

1. d4 Nf6 2. c4 e6 3. Nc3 Bb4 4. Qc2 O-O 5. a3 Bxc3+ 6. Qxc3 Ne4 7. Qc2 f5
8. e3 b6 9. Ne2 Bb7 10. f3 Qh4+ 11. g3 Qe7 12. Bg2 Nf6 13. O-O c5 14. b3
Na6 15. Bb2 Rac8 16. Qd2 d6 17. Nc3 d5 18. Qe2 Nc7 19. a4 a5 20. Rfd1 Rfd8
21. Ba3 e5 22. dxc5 bxc5 23. Rac1 Ba6 24. Nb5 Ne6 25. cxd5 Rxd5 26. Rxd5
Nxd5 27. e4 Nb4 28. exf5 Nd4 29. Qc4+ Kh8 30. Bxb4 axb4 31. Re1 Qf6 32. g4
h6 33. Re3 Bb7 34. Qf1 Bd5 35. Qb1 Qg5 36. Kf2 Qh4+ 37. Kg1 Qg5 38. Kf2 Qf4
39. Nd6 Rc6 40. Ne4 c4 41. bxc4 Rxc4 42. Nd2 Rc3 43. Nf1 Bxf3 44. Qxb4
Bxg4+ 0-1

[Event "Gotth' Art Cup IM"]
[Site "Szentgotthard HUN"]
[Date "2010.03.02"]
[Round "8"]
[White "Paschall,W"]
[Black "Biro,S"]
[Result "1-0"]
[WhiteElo "2398"]
[BlackElo "2298"]
[EventDate "2010.02.22"]

1. g3 e5 2. Bg2 Nf6 3. d3 d5 4. Nf3 Nbd7 5. O-O Bc5 6. Nxe5 Nxe5 7. d4 Bd6
8. dxe5 Bxe5 9. c4 dxc4 10. Nd2 c3 11. bxc3 O-O 12. Qc2 Bd6 13. Rb1 Re8 14.
Nc4 Bc5 15. Na5 Ng4 16. Nxb7 Bxb7 17. Rxb7 Qf6 18. e3 Rad8 19. Rxc7 Qe5 20.
Rb7 h5 21. Qe2 Re6 22. c4 Red6 23. Rb5 a6 24. Ra5 Qf5 25. h3 Nf6 26. Qf3
Qc8 27. Qb7 Bb4 28. Ra4 Bd2 29. Qxc8 Rxc8 30. Rd1 Bb4 31. Rxd6 Bxd6 32. Bb2
Nd7 33. Rxa6 Be5 34. Bxe5 Nxe5 35. Ra8 Rxa8 36. Bxa8 Nxc4 37. h4 1-0

[Event "Gotth' Art Cup IM"]
[Site "Szentgotthard HUN"]
[Date "2010.03.03"]
[Round "9"]
[White "Gergacz,A"]
[Black "Paschall,W"]
[Result "1/2-1/2"]
[WhiteElo "2421"]
[BlackElo "2398"]
[EventDate "2010.02.22"]

1. e4 c5 2. Nf3 Qc7 3. Nc3 e6 4. g3 Nc6 5. Bg2 Nf6 6. O-O a6 7. d4 cxd4 8.
Nxd4 Nxd4 9. Qxd4 Bc5 10. Qd3 d6 11. Na4 Ba7 12. b3 O-O 13. Ba3 Rd8 14.
Rad1 Ne8 15. c4 Bd7 16. Nc3 Qa5 17. Bxd6 Nxd6 18. Qxd6 Bc6 19. b4 Rxd6 20.
bxa5 Rad8 21. Rxd6 Rxd6 22. e5 Rd4 23. Bxc6 bxc6 24. Na4 Rxc4 25. Nb6 Rb4
26. Nc8 Bc5 27. Rc1 Rb5 28. Nd6 Rxa5 29. Nb7 Bxf2+ 30. Kxf2 Rxa2+ 31. Kf3
Rxh2 32. Rxc6 h5 33. Rxa6 h4 34. Nd6 f6 35. Ne4 hxg3 36. Kxg3 Re2 37. Kf3
Rb2 38. exf6 gxf6 39. Rxe6 Rb1 40. Rxf6 Rf1+ 41. Nf2 Kg7 42. Ra6 Kf7 43.
Ke3 Rb1 44. Ne4 Ke7 45. Kd4 Rb4+ 46. Kd5 Rb5+ 47. Nc5 Kf7 48. Rc6 Ra5 49.
Ke5 Ra1 50. Rc7+ Kg6 51. Ne4 Ra5+ 52. Kf4 Ra4 53. Rb7 Ra6 54. Rb1 Ra4 55.
Rc1 Rb4 56. Rc6+ Kf7 57. Ke5 Rb5+ 58. Kd6 Kg6 59. Ke6 Rb1 60. Ke5+ Kf7 61.
Nd6+ Ke7 62. Rc7+ Kd8 63. Rh7 Re1+ 64. Ne4 Re2 65. Kd5 Re1 66. Nf6 Rd1+ 67.
Ke6 Kc8 68. Nd5 Kb8 69. Kd6 Rd2 70. Rh1 Kb7 71. Rb1+ Ka6 72. Rb3 Ka5 73.
Kc5 Ka4 74. Rc3 Ra2 75. Ne3 Rh2 76. Nd5 Rh5 77. Rg3 Rf5 78. Kc4 Rh5 79. Rf3
Rh4+ 80. Kc5 Rh5 81. Rf4+ Ka3 82. Rd4 Kb3 83. Kb5 Rh8 84. Rd3+ Kc2 85. Nb4+
Kb2 86. Nc6 Kc2 87. Kc4 Rc8 88. Rd6 Rc7 89. Rh6 Kd2 90. Rh5 Rxc6+ 91. Rc5
Rxc5+ 92. Kxc5 1/2-1/2

[Event "Gotth' Art Cup IM"]
[Site "Szentgotthard HUN"]
[Date "2010.03.03"]
[Round "9"]
[White "Nagy,Ga1"]
[Black "Feher,Ad"]
[Result "1/2-1/2"]
[WhiteElo "2278"]
[BlackElo "2260"]
[EventDate "2010.02.22"]

1. e4 c5 2. Nf3 d6 3. d4 cxd4 4. Nxd4 Nf6 5. Nc3 a6 6. Bc4 e6 7. Bb3 b5 8.
Bg5 Be7 9. Qf3 Qc7 10. O-O-O Nbd7 11. e5 Bb7 12. Qg3 Nxe5 13. Bxe6 fxe6 14.
f4 Kf7 15. fxe5 dxe5 16. Nxe6 Kxe6 17. Qh3+ Kf7 18. Bxf6 gxf6 19. Rd7 Qc6
20. Rhd1 Rad8 21. Qh5+ Ke6 22. Qh3+ Kf7 23. Qh5+ Ke6 24. Qh3+ Kf7 25. Qh5+
1/2-1/2

[Event "Gotth' Art Cup IM"]
[Site "Szentgotthard HUN"]
[Date "2010.03.03"]
[Round "9"]
[White "Lorand,N"]
[Black "Szabo,Ben"]
[Result "1/2-1/2"]
[WhiteElo "2346"]
[BlackElo "2261"]
[EventDate "2010.02.22"]

1. e4 c5 2. Nf3 d6 3. d4 cxd4 4. Nxd4 Nf6 5. f3 g6 6. c4 Bg7 7. Nc3 O-O 8.
Be3 b6 9. Be2 Bb7 10. Qd2 Nbd7 11. O-O Rc8 12. Rac1 Nc5 13. b4 Ncd7 14. Nd5
Ne8 15. Bg5 Ndf6 16. Rfd1 a6 17. Nb3 Ba8 18. a4 Rb8 19. Qe3 Kh8 20. Nxf6
Bxf6 21. Bxf6+ exf6 22. Rd2 Qd7 23. b5 Qc8 24. f4 a5 25. Qd4 Qc7 26. Bf3
Kg8 27. Kf2 Rc8 28. Bg4 Rb8 29. Re1 Ng7 30. Re3 Bxe4 31. Qxf6 Bf5 32. Be2
d5 33. g3 dxc4 34. Nd4 Qc5 35. Re5 Qb4 36. Rd1 Bd3 37. Bxd3 cxd3 38. Rxd3
Qb2+ 39. Re2 Qa1 40. Qc6 Qxa4 41. Qc3 Rfe8 42. Red2 1/2-1/2

[Event "Gotth' Art Cup IM"]
[Site "Szentgotthard HUN"]
[Date "2010.03.03"]
[Round "9"]
[White "Baratosi,D"]
[Black "Banas,J"]
[Result "1/2-1/2"]
[WhiteElo "2396"]
[BlackElo "2341"]
[EventDate "2010.02.22"]

1. e4 c5 2. c3 Nf6 3. e5 Nd5 4. d4 cxd4 5. cxd4 d6 6. Nf3 e6 7. a3 Bd7 8.
Bd3 Bc6 9. O-O Nd7 10. b4 a6 11. Re1 Be7 12. Nbd2 dxe5 13. dxe5 Nc3 14. Qc2
Rc8 15. Qxc3 Bxf3 16. Qd4 Bc6 17. Ne4 O-O 18. Bb2 Qb6 19. Rac1 Rfd8 20. Bb1
Qxd4 21. Bxd4 a5 22. Nd6 Bxd6 23. exd6 axb4 24. axb4 Nf6 25. Be5 1/2-1/2

[Event "Gotth' Art Cup IM"]
[Site "Szentgotthard HUN"]
[Date "2010.03.03"]
[Round "9"]
[White "Biro,S"]
[Black "Rudolf,An"]
[Result "1/2-1/2"]
[WhiteElo "2298"]
[BlackElo "2283"]
[EventDate "2010.02.22"]

1. e4 e6 2. Nf3 d5 3. Nc3 Nf6 4. e5 Nfd7 5. d4 Be7 6. Bd3 c5 7. dxc5 Nc6 8.
Qe2 Nxc5 9. O-O O-O 10. Rd1 Bd7 11. Bf4 Rc8 12. a3 1/2-1/2